00860nam a2200217 a 450000100100000000500170001000800410002704000250006808200200009310000370011324500510015026000390020130000210024059000260026165000280028765000310031591000420034695201170038895201220050599900150062700000998120240412074214.0091002s200u dr r 000 p spa d aDO-SdBNPbspacBNPHU aRD861.44bM516b1 aMejía, Norberto,d1964-92492613aEl buen amor entre poemas /cNorberto Mejía. a[Santo Domingo] :bPerla,c[200?]. a167 p. ;c22 cm. aInventariado, 2018/BT 0aPoesía dominicana966 0aLiteratura dominicana.967 aValidado. Control de calidad. MMOLINA 0010718PDaPDbPDcHDd2009-10-02iLF1l0oRD861.44 M516bp9981-10r2020-06-25w2020-06-25yLFPDZNo se presta 0010718PDaPDbPDcHDd2009-10-02iLF1l0oRD861.44 M516bp9981-20r2020-06-25te.2w2020-06-25yLFPDZNo se presta c9740d9740